| 000 | 01024cam a22002051 4500 | ||
|---|---|---|---|
| 001 | rc 01001707 | ||
| 003 | DLC | ||
| 005 | 20260227111904.0 | ||
| 008 | 790402s1871 xx 000 0 eng | ||
| 010 | _arc 01001707 | ||
| 035 | _a(OCoLC)4813812 | ||
| 040 |
_aDLC _cOCl _dDLC |
||
| 050 | 0 | 0 |
_aF551 _b.D64 |
| 100 | 1 |
_aDisturnell, John, _d1801-1877, _ecomp. |
|
| 245 | 0 | 4 |
_aThe Great Lakes, or Inland seas of America; _bembracing a full description of Lakes Superior, Huron, Michigan, Erie, and Ontario; rivers St. Mary, St. Clair, Detroit, Niagara, and St. Lawrence; commerce of the lakes, etc., etc. together with a guide to the upper Mississippi River, giving a description of cities, towns, etc. Forming altogether a complete guide for the pleasure traveler & emigrant. _cCompiled by J. Disturnell. |
| 260 |
_aPhiladelphia, _bW.B. Zieber, _c1871. |
||
| 300 |
_a256, [4] p. _bfront., illus., plates, fold. maps. _c16 cm. |
||
| 500 | _aIncludes advertising matter. | ||
| 651 | 0 |
_aGreat Lakes Region (North America) _vGuidebooks. |
|
| 999 |
_c52162 _d52162 |
||